000 01147nam a2200289 i 4500
003 DO-SdBNP
005 20250620144600.0
007 ta
008 250620s1988 dr c 000 0 spa d
040 _aDO-SdBNP
_bspa
_cBNPHU
_erda
082 _axxx
_bM828
_222
100 1 _aMorales de Castillo, Mélida
_d1892-
_954720
_eautora
_4aut.
245 1 0 _aRecordándolo /
_cMélida Morales vda. Castillo.
264 _aSanto Domingo :
_bEditora Corripio,
_c[1988].
300 _a45 páginas
_aRetratos ;
_c24 cm.
336 _atexto
_btxt
_2rdacontent
337 _asin mediación
_bn
_2rdamedia
338 _avolumen
_bnc
_2rdacarrier
490 1 _aLuis Conrado del Castillo Rodriguez Objio
_v2
500 _aLa biblioteca posee el volumen 2.
500 _aPublicado con motivo del centenario de su nacimiento ocurrido este el 20 de mayo de 1888.
500 _aLos volúmenes I y II de esta colección se publican con el patrocinio del señor Tomás E. Morales Garrido.
533 _aEdición facsimilar :
_bSanto Domingo :
_cImp. de J.R. vda. García sucesores.
_d1929.
590 _aInventariado, 2025/ YL
910 _aYLockward
942 _2ddc
_cLF2
999 _c59354
_d59354